Obce a samosprávne kraje v konaní pred Ústavným súdom Slovenskej republiky
Gespeichert in:
| 1. Verfasser: | |
|---|---|
| Weitere Verfasser: | |
| Format: | Buch |
| Sprache: | Slowakisch |
| Veröffentlicht: |
Košice
Mayor Group
2004
|
| Schlagworte: | |
| Tags: |
Keine Tags, Fügen Sie das erste Tag hinzu!
|
MARC
| LEADER | 00000nam$a2200000$$$4500 | ||
|---|---|---|---|
| 001 | 0023160 | ||
| 005 | 20240318120919.7 | ||
| 020 | |a 80-969128-0-1 | ||
| 041 | 0 | |a slo | |
| 044 | |a SK | ||
| 245 | 1 | 0 | |a Obce a samosprávne kraje v konaní pred Ústavným súdom Slovenskej republiky |c Ladislav Orosz, Ján Mazák |
| 264 | 1 | |a Košice |b Mayor Group |c 2004 | |
| 300 | |a 319 s. | ||
| 610 | 2 | 0 | |a obce |
| 610 | 2 | 0 | |a kraje |
| 610 | 2 | 0 | |a samospráva |
| 610 | 2 | 0 | |a súdy |
| 610 | 2 | 0 | |a ústava |
| 610 | 2 | 0 | |a právo ústavné |
| 610 | 2 | 0 | |a správa miestna |
| 610 | 2 | 0 | |a správa verejná |
| 610 | 2 | 0 | |a legislatíva |
| 610 | 2 | 0 | |a Slovensko |
| 100 | 1 | |a Orosz, Ladislav | |
| 700 | 1 | |a Mazák, Ján | |